The problem of free will (Record no. 59431)
[ view plain ]
| 000 -LEADER | |
|---|---|
| fixed length control field | 00491nam a2200205Ia 4500 |
| 003 - CONTROL NUMBER IDENTIFIER | |
| control field | 0100 |
| 008 - FIXED-LENGTH DATA ELEMENTS--GENERAL INFORMATION | |
| fixed length control field | 130303s9999 xx 000 0 und d |
| 040 ## - CATALOGING SOURCE | |
| Transcribing agency | ARRUPELIB |
| 050 ## - LIBRARY OF CONGRESS CALL NUMBER | |
| Classification number | BJ1461.E5 1967 |
| 300 ## - PHYSICAL DESCRIPTION | |
| Other physical details | 315p. 20cm. |
| 245 #4 - TITLE STATEMENT | |
| Title | The problem of free will |
| 245 ## - TITLE STATEMENT | |
| Remainder of title | selected readings |
| 260 ## - PUBLICATION, DISTRIBUTION, ETC. (IMPRINT) | |
| Place of publication, distribution, etc | New York |
| 260 ## - PUBLICATION, DISTRIBUTION, ETC. (IMPRINT) | |
| Name of publisher, distributor, etc | Charles Scribner's Sons |
| 260 ## - PUBLICATION, DISTRIBUTION, ETC. (IMPRINT) | |
| -- | 1967 |
| 300 ## - PHYSICAL DESCRIPTION | |
| Extent | xiii |
| 650 ## - SUBJECT ADDED ENTRY--TOPICAL TERM | |
| Topical term following geographic name as entry element | Poets-Biography |
| 700 ## - ADDED ENTRY--PERSONAL NAME | |
| Personal name | Enteman, Willard F. ed. |
| 942 ## - ADDED ENTRY ELEMENTS (KOHA) | |
| Source of classification or shelving scheme | Library of Congress Classification |
| Koha issues (borrowed), all copies | 1 |
| Withdrawn status | Lost status | Source of classification or shelving scheme | Damaged status | Not for loan | Collection code | Home library | Current library | Shelving location | Date acquired | Total Checkouts | Full call number | Barcode | Date last seen | Date checked out | Copy number | Price effective from | Koha item type |
|---|---|---|---|---|---|---|---|---|---|---|---|---|---|---|---|---|---|
| Library of Congress Classification | Main Collection | ARRUPE LIBRARY | ARRUPE LIBRARY | 05/03/2013 | 2 | BJ1461.E5 1967 | 46003090956 | 31/05/2021 | 17/03/2021 | 1 | 05/03/2013 | Monograph ( Printed materials) |